စိတ်အားဖြည့်ဓမ္မရွက်နု / (Record no. 16765)

000 -LEADER
fixed length control field 00982nam a2200217Ia 4500
003 - CONTROL NUMBER IDENTIFIER
control field OSt
005 - DATE AND TIME OF LATEST TRANSACTION
control field 20241008085712.0
007 - PHYSICAL DESCRIPTION FIXED FIELD--GENERAL INFORMATION
fixed length control field ca aa aaaaa
008 - FIXED-LENGTH DATA ELEMENTS--GENERAL INFORMATION
fixed length control field 201103s9999 xx 000 0 und d
040 ## - CATALOGING SOURCE
Transcribing agency SSBUL
041 ## - LANGUAGE CODE
Language code of text/sound track or separate title bur
082 ## - DEWEY DECIMAL CLASSIFICATION NUMBER
Classification number ၂၉၄.၃၃၆၈ ဆန်
Edition number 23
Item number ၉၂၃၅ S-SAT
100 0# - MAIN ENTRY--PERSONAL NAME
Personal name ဆန္ဒာဓိက၊ အရှင်၊ ရွှေပါရမီတောရ
245 10 - TITLE STATEMENT
Title စိတ်အားဖြည့်ဓမ္မရွက်နု /
Statement of responsibility, etc. အရှင်ဆန္ဒာဓိကရွှေပါရမီတောရ။
260 ## - PUBLICATION, DISTRIBUTION, ETC.
Place of publication, distribution, etc. ရန်ကုန် ၊
Name of publisher, distributor, etc. ရွှေပါရမီဓမ္မစာပေ၊
Date of publication, distribution, etc. ၂၀၀၆။
300 ## - PHYSICAL DESCRIPTION
Extent ၁၁၁ စာမျက်နှာ ၊
Other physical details ပုံများ ၊
Dimensions ၁၆ စင်တီ။
440 ## - SERIES STATEMENT/ADDED ENTRY--TITLE
Title ရျွေပါရမီစာစဉ် (၂၈)
9 (RLIN) 54935
500 ## - GENERAL NOTE
General note S-SAT: Dr. Sai Aung Tun
650 ## - SUBJECT ADDED ENTRY--TOPICAL TERM
Topical term or geographic name entry element ဗုဒ္ဓကဗျာ
9 (RLIN) 54936
942 ## - ADDED ENTRY ELEMENTS (KOHA)
Source of classification or shelving scheme
Koha item type Book (Short term)
Holdings
Withdrawn status Lost status Source of classification or shelving scheme Damaged status Not for loan Collection code Permanent Location Current Location Shelving location Date acquired Total Checkouts Full call number Barcode Date last seen Price effective from Koha item type Accession
          Special Collections Shan State Buddhist University Library Shan State Buddhist University Library Special Collection Shelves 15/02/2023   ၂၉၄.၃၃၆၈ ဆန် ၉၂၃၅ S-SAT MB00009235 15/02/2023 15/02/2023 Book (Short term) ၉၂၃၅ S-SAT

Library - 09407999929
Admin Office - 09407999979
Dean Office - 09250910768
Registrar Office - 09892297154
Email - [email protected]
Shan State Buddhist University, Phaya Phyu Taunggyi, Shan State, Myanmar.